<?xml version="1.0" encoding="UTF-8"?><?xml-stylesheet type="text/xsl" href="static/style.xsl"?><OAI-PMH xmlns="http://www.openarchives.org/OAI/2.0/" xmlns:xsi="http://www.w3.org/2001/XMLSchema-instance" xsi:schemaLocation="http://www.openarchives.org/OAI/2.0/ http://www.openarchives.org/OAI/2.0/OAI-PMH.xsd"><responseDate>2026-04-29T17:06:17Z</responseDate><request verb="GetRecord" identifier="oai:riubu.ubu.es:10259/7420" metadataPrefix="marc">https://riubu.ubu.es/oai/request</request><GetRecord><record><header><identifier>oai:riubu.ubu.es:10259/7420</identifier><datestamp>2024-05-13T07:58:04Z</datestamp><setSpec>com_10259_7387</setSpec><setSpec>com_10259_5086</setSpec><setSpec>com_10259_2604</setSpec><setSpec>col_10259_7419</setSpec></header><metadata><record xmlns="http://www.loc.gov/MARC21/slim" xmlns:doc="http://www.lyncode.com/xoai" xmlns:xsi="http://www.w3.org/2001/XMLSchema-instance" xmlns:dcterms="http://purl.org/dc/terms/" xsi:schemaLocation="http://www.loc.gov/MARC21/slim http://www.loc.gov/standards/marcxml/schema/MARC21slim.xsd">
<leader>00925njm 22002777a 4500</leader>
<datafield tag="042" ind1=" " ind2=" ">
<subfield code="a">dc</subfield>
</datafield>
<datafield tag="720" ind1=" " ind2=" ">
<subfield code="a">Díaz Portugal, Celia</subfield>
<subfield code="e">author</subfield>
</datafield>
<datafield tag="720" ind1=" " ind2=" ">
<subfield code="a">Delgado García, Juan Bautista</subfield>
<subfield code="e">author</subfield>
</datafield>
<datafield tag="720" ind1=" " ind2=" ">
<subfield code="a">Blanco Mazagatos, Virginia</subfield>
<subfield code="e">author</subfield>
</datafield>
<datafield tag="260" ind1=" " ind2=" ">
<subfield code="c">2023-01</subfield>
</datafield>
<datafield tag="520" ind1=" " ind2=" ">
<subfield code="a">Our research studies the influence of positive affect on entrepreneurs' evaluations of&#xd;
opportunities (i.e. novelty assessments and entrepreneurial selection) as well as how&#xd;
this influence may be different for entrepreneurs belonging to cultural and creative&#xd;
industries. Drawing on arguments on the role of affect in cognition and considering&#xd;
the particular situational and individual-level factors of entrepreneurship in cultural&#xd;
and creative industries, we hypothesize that positive affect influences entrepreneurs'&#xd;
opportunity evaluation. We also hypothesize that this effect of positive affect is&#xd;
barely present for cultural and creative entrepreneurs. We test our hypotheses in a&#xd;
sample of nascent entrepreneurs who took part in entrepreneurship training programmes in six incubators in Spain, who we asked to evaluate their own opportunity.&#xd;
Our results show that positive affect positively impacts the perceived novelty and&#xd;
entrepreneurial selection of non-creative entrepreneurs though this impact is limited&#xd;
for cultural and creative entrepreneurs.</subfield>
</datafield>
<datafield tag="024" ind2=" " ind1="8">
<subfield code="a">0963-1690</subfield>
</datafield>
<datafield tag="024" ind2=" " ind1="8">
<subfield code="a">http://hdl.handle.net/10259/7420</subfield>
</datafield>
<datafield tag="024" ind2=" " ind1="8">
<subfield code="a">10.1111/caim.12537</subfield>
</datafield>
<datafield tag="024" ind2=" " ind1="8">
<subfield code="a">1467-8691</subfield>
</datafield>
<datafield ind1=" " ind2=" " tag="653">
<subfield code="a">Cultural and creative industries</subfield>
</datafield>
<datafield ind1=" " ind2=" " tag="653">
<subfield code="a">Emotions</subfield>
</datafield>
<datafield ind1=" " ind2=" " tag="653">
<subfield code="a">Entrepreneurial selection</subfield>
</datafield>
<datafield ind1=" " ind2=" " tag="653">
<subfield code="a">Entrepreneurship</subfield>
</datafield>
<datafield ind1=" " ind2=" " tag="653">
<subfield code="a">Opportunity evaluation</subfield>
</datafield>
<datafield ind1=" " ind2=" " tag="653">
<subfield code="a">Positive affect</subfield>
</datafield>
<datafield tag="245" ind1="0" ind2="0">
<subfield code="a">Do cultural and creative entrepreneurs make affectively driven decisions? Not when they evaluate their opportunities</subfield>
</datafield>
</record></metadata></record></GetRecord></OAI-PMH>